书目信息 |
| 题名: |
汉字中的古代科技
|
|
| 作者: | 戴吾三 著 | |
| 分册: | ||
| 出版信息: | 天津 百花文艺出版社 2004 |
|
| 页数: | 270页 | |
| 开本: | 20cm | |
| 丛书名: | ||
| 单 册: | ||
| 中图分类: | H123 | |
| 科图分类: | ||
| 主题词: | 汉字--文字学 | |
| 电子资源: | ||
| ISBN: | 7-5306-3761-4 | |
| 000 | 00721nam0 2200229 450 | |
| 001 | 020000013261 | |
| 005 | 20050923111055.81 | |
| 010 | @a7-5306-3761-4@dCNY16.00 | |
| 100 | @a20040611d2004 em y0chiy0110 ea | |
| 101 | 0 | @achi |
| 102 | @aCN@b120000 | |
| 105 | @aa az 000yy | |
| 200 | 1 | @a汉字中的古代科技@9han zi zhong de gu dai ke ji@f戴吾三著@Fdai wu san zhu |
| 210 | @a天津@c百花文艺出版社@d2004 | |
| 215 | @a270页@c图@d20cm | |
| 320 | @a有书目 | |
| 330 | @a本书作者动解析了基于古代科技知识之上的古代汉字。内容包括“井”与井的起源、“农”与“辰”、“麦”的由来等。 | |
| 606 | 0 | @a汉字@x文字学 |
| 690 | @aH123@v4 | |
| 701 | 0 | @a戴吾三@Adai wu san@4著 |
| 801 | 0 | @aCN@bTSSF@c20050923 |
| 905 | @a10447@dH123@e109 | |
| 汉字中的古代科技/戴吾三著.-天津:百花文艺出版社,2004 |
| 270页:图;20cm |
| ISBN 7-5306-3761-4:CNY16.00 |
| 本书作者动解析了基于古代科技知识之上的古代汉字。内容包括“井”与井的起源、“农”与“辰”、“麦”的由来等。 |
| ● |
| 相关链接 |
|
|
|
|
正题名:汉字中的古代科技
索取号:H123/109
 
预约/预借
| 序号 | 登录号 | 条形码 | 馆藏地/架位号 | 状态 | 备注 |
| 1 | 0362997 | 3629979 | 第二样本阅览室/ [索取号:H123/109] | 在馆 | |
| 2 | 0362998 | 3629988 | 第四借阅区/ [索取号:H123/109] | 在馆 | |
| 3 | 0362999 | 3629997 | 第四借阅区/ [索取号:H123/109] | 在馆 | |
| 4 | 0363000 | 3630002 | 第四借阅区/ [索取号:H123/109] | 在馆 | |
| 5 | 0363001 | 3630011 | 第四借阅区/ [索取号:H123/109] | 在馆 |